00474 2200193 4500001002100000005001500021008004100036020001800077035001900095041000700114082001000121090001600131100001700147700001600164245001200180260004100192300003700233650001000270INLIS00000000000531020241224113057241224||||||||| | ||| |||| || |  a979-20-6370-6 0010-1224005310 aid0 a741.3 a741.3 MAS r0 aHIRO MASHIMA0 aM. Gunarsah00aRave 19 aJakartabElex Media Komputindoc2004 a17,5x11,5 cm, iv, 196 hlm.; ilus 0aKomik